[Event "FRA-chT2 0910"]
[Site "France"]
[Date "2010.03.14"]
[Round "9.8"]
[White "Josse, Anais"]
[Black "Samy, Marceline"]
[Result "1-0"]
[WhiteElo "1635"]
[BlackElo "1199"]
[PlyCount "99"]
[EventDate "2009.09.27"]
[EventType "team-tourn"]
[EventRounds "11"]
[EventCountry "FRA"]
[SourceTitle "EXT 2011"]
[Source "ChessBase"]
[SourceDate "2010.11.26"]
[SourceVersion "1"]
[SourceVersionDate "2010.11.26"]
[SourceQuality "1"]

1. e4 e5 2. Nf3 Nc6 3. Bb5 Nf6 4. d3 d5 5. Nxe5 Bd7 6. Bxc6 Bxc6 7. Nxc6 bxc6 8. e5 Nd7 9. d4 c5 10. 0-0 Be7 11. Qh5 cxd4 12. e6 0-0 13. exd7 Qxd7 14. Nd2 Qc6 15. Qf5 Rad8 16. Nf3 Qc4 17. Ne5 Qc5 18. Nd7 g6 19. Qh3 Qxc2 20. Nxf8 Rxf8 21. Qb3 Qf5 22. Qf3 Qc2 23. Qxd5 Bc5 24. Bh6 Re8 25. Rac1 Qxb2 26. Rxc5 Qb4 27. Rc4 Qb2 28. Qxd4 Qxd4 29. Rxd4 f5 30. Rd7 Rc8 31. Rfd1 c5 32. Rd8+ Rxd8 33. Rxd8+ Kf7 34. Rc8 Ke6 35. Rxc5 Kf6 36. h4 Ke6 37. Rc7 Ke5 38. Rxh7 Kf6 39. Rxa7 Ke5 40. Ra6 Ke4 41. Rxg6 f4 42. Rg4 Kf5 43. Rxf4+ Kg6 44. a4 Kxh6 45. a5 Kh5 46. a6 Kh6 47. a7 Kh5 48. a8Q Kh6 49. Qh8+ Kg6 50. Rf6# 1-0

[Event "FRA-chT2 0910"]
[Site "France"]
[Date "2009.11.22"]
[Round "4.8"]
[White "Josse, Anais"]
[Black "Mottais, Marie"]
[Result "1-0"]
[WhiteElo "1530"]
[BlackElo "1470"]
[PlyCount "83"]
[EventDate "2009.09.27"]
[EventType "team-tourn"]
[EventRounds "11"]
[EventCountry "FRA"]
[SourceTitle "EXT 2011"]
[Source "ChessBase"]
[SourceDate "2010.11.26"]
[SourceVersion "1"]
[SourceVersionDate "2010.11.26"]
[SourceQuality "1"]

1. e4 e5 2. Nf3 Nc6 3. Bb5 Nf6 4. Nc3 a6 5. Bxc6 dxc6 6. h3 Bc5 7. d3 0-0 8. 0-0 Re8 9. Ne2 h6 10. Ng3 b6 11. Qe2 Bd7 12. Nh4 Ng4 13. Nhf5 Bxf5 14. Nxf5 Nxf2 15. Rxf2 Re6 16. Be3 Bxe3 17. Qxe3 Rg6 18. Rf3 Rg5 19. Rg3 Kh7 20. Rxg5 hxg5 21. Rf1 g6 22. Ng3 Kg7 23. Qf2 Qe7 24. d4 exd4 25. Qxd4+ f6 26. Rd1 Re8 27. Qd7 Kf7 28. Qxe7+ Rxe7 29. Kf2 Kf8 30. Rd8+ Kf7 31. Rb8 Kg7 32. b4 Re5 33. Rb7 Re7 34. Ra7 Rd7 35. Ke3 a5 36. bxa5 bxa5 37. Rxa5 Re7 38. Kf3 Kf7 39. Rc5 Re6 40. Ne2 Kg7 41. Nd4 f5 42. Nxe6+ 1-0

[Event "FRA-chT Top 12 (Women)"]
[Site "Vandoeuvre"]
[Date "2008.05.17"]
[Round "2"]
[White "Bonvalot, Isabelle"]
[Black "Josse, Anais"]
[Result "1-0"]
[WhiteElo "1923"]
[BlackElo "1640"]
[PlyCount "45"]
[EventDate "2008.05.16"]
[EventType "team"]
[EventRounds "5"]
[EventCountry "FRA"]
[SourceTitle "CBM 124 Extra"]
[Source "ChessBase"]
[SourceDate "2008.07.03"]
[SourceVersion "1"]
[SourceVersionDate "2008.07.03"]
[SourceQuality "1"]
[WhiteTeam "Clichy (W)"]
[BlackTeam "Guingamp (W)"]
[WhiteTeamCountry "FRA"]
[BlackTeamCountry "FRA"]

1. e4 g6 2. d4 Bg7 3. c3 d6 4. f4 Nf6 5. Bd3 Nbd7 6. e5 Nd5 7. Nf3 0-0 8. 0-0 dxe5 9. fxe5 c5 10. Qe1 Qb6 11. Na3 cxd4 12. Nc4 Qc7 13. cxd4 N7b6 14. b3 Rd8 15. Ng5 f6 16. exf6 exf6 17. Ne6 Bxe6 18. Qxe6+ Qf7 19. Qe2 f5 20. Bb2 Qc7 21. Rac1 Nb4 22. Ne5 Qc8 23. Rxc8 1-0

[Event "FRA-ch U18 Girls"]
[Site "Le Grand Bornand"]
[Date "2007.04.13"]
[Round "7"]
[White "Swiercz, Sarah"]
[Black "Josse, Anais"]
[Result "0-1"]
[WhiteElo "1380"]
[BlackElo "1700"]
[PlyCount "98"]
[EventDate "2007.04.07"]
[EventType "swiss"]
[EventRounds "9"]
[EventCountry "FRA"]
[SourceTitle "CBM 118 Extra"]
[Source "ChessBase"]
[SourceDate "2007.07.04"]
[SourceVersion "1"]
[SourceVersionDate "2007.07.04"]
[SourceQuality "1"]

1. e4 g6 2. d4 Bg7 3. e5 d6 4. Nf3 dxe5 5. Nxe5 Nd7 6. Nxd7 Bxd7 7. Be3 Bc6 8. c3 e5 9. Qd3 exd4 10. cxd4 Ne7 11. Nd2 0-0 12. f3 Nf5 13. Be2 Nxd4 14. Bxd4 Bxd4 15. Rb1 Re8 16. Nb3 Bg7 17. 0-0 Qh4 18. g3 Qh6 19. f4 Rad8 20. Qc2 Be4 21. Qxc7 Bxb1 22. Rxb1 Rb8 23. Bc4 Rf8 24. Bxf7+ Kh8 25. Bd5 Rfc8 26. Qd6 b6 27. Nd2 Rd8 28. Qc7 Bd4+ 29. Kh1 Rbc8 30. Qf7 Qg7 31. Qe6 Bxb2 32. Nf3 Bf6 33. g4 Qe7 34. f5 Qxe6 35. Bxe6 Rc6 36. h3 Rd3 37. Ng1 gxf5 38. Bxf5 Ra3 39. Rd1 Rxa2 40. Rd7 Bg7 41. Rd8+ Bf8 42. Rxf8+ Kg7 43. Rd8 h6 44. Rd7+ Kf6 45. Rh7 Kg5 46. Rg7+ Kh4 47. Rd7 Rc1 48. Rd6 Raa1 49. Rxh6+ Kg3 0-1

[Event "Hennebont Grand Prix"]
[Site "Hennebont"]
[Date "2006.08.06"]
[Round "7"]
[White "Josse, Anais"]
[Black "Migot, Tangi"]
[Result "0-1"]
[WhiteElo "1430"]
[BlackElo "1956"]
[PlyCount "84"]
[EventDate "2006.08.05"]
[EventType "swiss"]
[EventRounds "7"]
[EventCountry "FRA"]
[SourceTitle "EXT 2007"]
[Source "ChessBase"]
[SourceDate "2006.11.23"]
[SourceVersion "1"]
[SourceVersionDate "2006.11.23"]
[SourceQuality "1"]

1. e4 c5 2. Nc3 a6 3. Nf3 b5 4. a3 d6 5. b4 Nc6 6. bxc5 dxc5 7. Bb2 e6 8. g3 Nge7 9. Bg2 Ng6 10. 0-0 Be7 11. Ne2 0-0 12. d4 cxd4 13. Nexd4 Nxd4 14. Bxd4 Bb7 15. Re1 Qc7 16. Bb2 Rfd8 17. Qc1 Rac8 18. Re2 Qc4 19. Bf1 Bxe4 20. Rd2 Qc6 21. Rxd8+ Rxd8 22. Ne5 Nxe5 23. Bxe5 Qxc2 24. Qxc2 Bxc2 25. Rc1 Bb3 26. Rc3 Bd5 27. Bg2 Bxg2 28. Kxg2 Kf8 29. Rc6 f6 30. Bb2 Rd6 31. Rc8+ Kf7 32. Rc7 Ke8 33. h4 e5 34. Bc1 Rd7 35. Rc8+ Kf7 36. Ra8 Rc7 37. Be3 Bxa3 38. Rxa6 Be7 39. Rb6 b4 40. Bd2 Rc4 41. Kf3 e4+ 42. Ke3 Bc5+ 0-1

[Event "Hennebont Grand Prix"]
[Site "Hennebont"]
[Date "2006.08.05"]
[Round "3"]
[White "Priser, Jacques"]
[Black "Josse, Anais"]
[Result "1-0"]
[WhiteElo "1780"]
[BlackElo "1430"]
[PlyCount "59"]
[EventDate "2006.08.05"]
[EventType "swiss"]
[EventRounds "7"]
[EventCountry "FRA"]
[SourceTitle "EXT 2007"]
[Source "ChessBase"]
[SourceDate "2006.11.23"]
[SourceVersion "1"]
[SourceVersionDate "2006.11.23"]
[SourceQuality "1"]

1. d4 Nf6 2. Bg5 Ne4 3. Bf4 g6 4. f3 Nf6 5. e4 Bg7 6. c3 d6 7. Bd3 Nfd7 8. Be3 Nb6 9. Nd2 e5 10. d5 c6 11. c4 0-0 12. Qc2 cxd5 13. cxd5 f5 14. Ne2 f4 15. Bf2 N8d7 16. Rc1 Nf6 17. b3 Bd7 18. Qc7 Bc8 19. a4 Qxc7 20. Rxc7 Nbd7 21. Bb5 b6 22. b4 a6 23. Bc6 Rb8 24. Nc4 a5 25. b5 Nc5 26. Bxc5 bxc5 27. Nxd6 Rd8 28. Nc4 Bd7 29. Nxa5 Bxc6 30. Nxc6 1-0

[Event "Bretagne-ch U16"]
[Site "Sarzeau"]
[Date "2006.02.22"]
[Round "3"]
[White "Josse, Anais"]
[Black "Croguennoc, Laurie"]
[Result "0-1"]
[WhiteElo "1380"]
[BlackElo "1430"]
[PlyCount "84"]
[EventDate "2006.02.21"]
[EventType "swiss"]
[EventRounds "6"]
[EventCountry "FRA"]
[SourceTitle "EXT 2007"]
[Source "ChessBase"]
[SourceDate "2006.11.23"]
[SourceVersion "1"]
[SourceVersionDate "2006.11.23"]
[SourceQuality "1"]

1. e4 e5 2. Nf3 Nc6 3. Bb5 a6 4. Ba4 Nf6 5. Nc3 Bc5 6. Nxe5 Nxe5 7. d4 Bb4 8. dxe5 Nxe4 9. Qd4 Nxc3 10. Qxb4 Nxa4 11. Qxa4 0-0 12. 0-0 b5 13. Qg4 d6 14. Qg3 Re8 15. Re1 dxe5 16. Bh6 Qf6 17. Bg5 Qd6 18. Rad1 Qe6 19. a3 Bb7 20. f4 e4 21. Re3 f6 22. Bh4 Rad8 23. Rf1 Qc6 24. Rc3 Qb6+ 25. Qe3 Qxe3+ 26. Rxe3 Rd2 27. Rf2 Red8 28. Ree2 Rd1+ 29. Rf1 R8d2 30. Rxd1 Rxd1+ 31. Be1 h6 32. Kf2 g5 33. fxg5 hxg5 34. Rd2 e3+ 35. Kxe3 Rxe1+ 36. Kf2 Re6 37. Rd7 Rc6 38. c3 Kf8 39. Rd8+ Ke7 40. Rb8 Rb6 41. b4 Bd5 42. Rc8 Rc6 0-1

[Event "Fouesnant op 09th"]
[Site "Fouesnant"]
[Date "2003.10.27"]
[Round "4"]
[White "Decroo, Tom"]
[Black "Josse, Anais"]
[Result "0-1"]
[WhiteElo "1250"]
[BlackElo "1200"]
[PlyCount "140"]
[EventDate "2003.10.25"]
[EventType "swiss"]
[EventRounds "9"]
[EventCountry "FRA"]
[SourceTitle "EXT 2006"]
[Source "ChessBase"]
[SourceDate "2005.11.24"]
[SourceVersion "1"]
[SourceVersionDate "2005.11.24"]
[SourceQuality "1"]

1. e4 e5 2. Nf3 Nc6 3. Bc4 Bc5 4. 0-0 Nf6 5. Nc3 Nxe4 6. Nxe4 d5 7. Bxd5 Qxd5 8. Nc3 Qe6 9. Nb5 Bd6 10. Ng5 Qg6 11. d3 h6 12. Ne4 Bh3 13. Qf3 Bg4 14. Qg3 0-0 15. h3 Bd7 16. Qxg6 fxg6 17. Nbxd6 cxd6 18. Nxd6 b6 19. b3 Rf6 20. Nc4 Raf8 21. Ba3 Re8 22. Nd6 Ree6 23. Ne4 Rf4 24. Nc3 Nd4 25. Rac1 Nb5 26. Nxb5 Bxb5 27. c4 Ba6 28. Rce1 b5 29. c5 b4 30. Bb2 e4 31. Re3 Bxd3 32. Rc1 Bb5 33. g3 Rf5 34. a4 bxa3 35. Bxa3 Ref6 36. Rc2 Bc6 37. Bb2 Rf7 38. b4 a6 39. Rd2 Kh7 40. Rd6 Rxf2 41. Re1 Rxb2 42. Rxc6 Rxb4 43. Rxa6 Rc7 44. c6 Rc4 45. h4 Rc3 46. Kh2 e3 47. Ra2 R7xc6 48. Rae2 Re6 49. Kg2 h5 50. Kf3 Kh6 51. Rxe3 Rcxe3+ 52. Rxe3 Rxe3+ 53. Kxe3 g5 54. hxg5+ Kxg5 55. Kf3 Kf5 56. Kg2 g5 57. Kh3 Ke5 58. Kh2 g4 59. Kg2 Kf5 60. Kh2 Kg5 61. Kg2 h4 62. gxh4+ Kxh4 63. Kf2 Kh3 64. Kf1 Kh2 65. Kf2 g3+ 66. Kf1 g2+ 67. Ke2 g1Q 68. Kd2 Qg3 69. Ke2 Kg2 70. Kd2 Qf3 0-1